Prejudicial Appearances : The Logic of American Antidiscrimination Law /

Guardado en:
Bibliografiske detaljer
Andre forfattere: Post, Robert C. (autor) (autor)
Format: Bog
Sprog:engelsk
Udgivet: Durham, EUA : Duke University, 2001, c2001
Fag:
Tags: Tilføj Tag
Ingen Tags, Vær først til at tagge denne postø!

MARC

LEADER 00000nam^a2200000^a^4500
001 000182458
005 20250521000000.0
009 20260310102007.35
020 |a 0-8223-2713-9 
037 |a Acervo ITESO - Biblioteca 
041 |a ING 
082 |a 342. 730873  |b PRE 
245 0 0 |a Prejudicial Appearances :  |b The Logic of American Antidiscrimination Law /  |c R.C. Post... [et al.]. 
264 4 |a Durham, EUA :  |b Duke University,  |c 2001, c2001 
300 |a 169 p. 
336 |a texto  |b txt  |2 rdacontenido 
337 |a sin mediación  |b n  |2 rdamedio 
338 |a volumen  |b nc  |2 rdasoporte 
649 |a XX 
650 |a Discriminación -  |z EUA -  |x Aspectos Jurídicos 
650 |a Racismo -  |z EUA -  |x Aspectos Jurídicos 
650 |a Identidad Personal -  |z EUA 
650 |a Estereotipo -  |z EUA 
650 |a Clases Sociales -  |z EUA 
650 |a Derecho Público -  |z EUA 
700 |a Post, Robert C.  |e (autor) 
910 |a Fondo General 
920 |a Impresos - Libros 
930 |a Colección General 
905 |a 101 
901 |a 0500122291  |b IT1  |c ACC  |u 20250521 
902 |a https://opac.biblio.iteso.mx/vufind/Record/000182458